Interpretation of dreams (Record no. 190100)

MARC details
000 -LEADER
fixed length control field 00366nam a22001577a 4500
003 - CONTROL NUMBER IDENTIFIER
control field OSt
020 ## - INTERNATIONAL STANDARD BOOK NUMBER
International Standard Book Number 9789380005874
082 ## - DEWEY DECIMAL CLASSIFICATION NUMBER
Classification number 154.63
Item number FRE/IN
100 ## - MAIN ENTRY--PERSONAL NAME
Personal name Freud, Sigmund
245 ## - TITLE STATEMENT
Title Interpretation of dreams
250 ## - EDITION STATEMENT
Edition statement 1
260 ## - PUBLICATION, DISTRIBUTION, ETC. (IMPRINT)
Place of publication, distribution, etc. Uttaranghand
Name of publisher, distributor, etc. Maple press
Date of publication, distribution, etc. 2011
300 ## - PHYSICAL DESCRIPTION
Extent 578p.
650 ## - SUBJECT ADDED ENTRY--TOPICAL TERM
Topical term or geographic name as entry element Method of dream interpretation
942 ## - ADDED ENTRY ELEMENTS (KOHA)
Source of classification or shelving scheme Dewey Decimal Classification
Koha item type Books (General)
Holdings
Withdrawn status Lost status Source of classification or shelving scheme Damaged status Not for loan Collection code Home library Current library Shelving location Date acquired Cost, normal purchase price Total Checkouts Full call number Date last seen Price effective from Koha item type
    Dewey Decimal Classification     Malayalam College of Co-operation, Banking & Management Library, Vellanikkara College of Co-operation, Banking & Management Library, Vellanikkara   24/10/2017 225.00   154.63 FRE/IN 24/10/2017 24/10/2017 Books (General)
Kerala Agricultural University Central Library
Thrissur-(Dt.), Kerala Pin:- 680656, India
Ph : (+91)(487) 2372219
E-mail: librarian@kau.in
Website: http://library.kau.in/